000 00431cam a2200181ua 4500
001 3381
008 111019n ii |||gr||||Z||||||asm
040 _cMAIN
082 _a891.4513
100 1 _aDas, Jogesh,
_eAuthor.
245 1 1 _aDawaor aru nai
_cby Jogesh Das
250 _a10th.
260 _aGuwahati:
_bChetana Prakash,994.
300 _a151p:
_c23cm.
653 _aAssamese novel
653 _aDawaor aru nai
942 _cBK
999 _c3225
_d3225